Loading...
Introduction to Mass Communication and mass India
| Main Author: | |
|---|---|
| Format: | Printed Book |
| Published: |
Ohio
Gride Inc. Columbus
1977
|
| LEADER | 00481nam a2200157 4500 | ||
|---|---|---|---|
| 020 | |a 0882441418 | ||
| 082 | |a 301.16 FRA/INT | ||
| 100 | |a Chanam Singh | ||
| 245 | |a Introduction to Mass Communication and mass India |c Chanam Singh | ||
| 250 | |||
| 260 | |a Ohio |b Gride Inc. Columbus |c 1977 | ||
| 500 | |||
| 700 | |||
| 942 | |c BK | ||
| 999 | |c 207506 |d 207506 | ||
| 952 | |0 0 |1 0 |4 0 |6 301_160000000000000_FRA_INT |7 0 |9 220855 |a DLS |b DLS |d 2019-11-05 |l 0 |o 301.16 FRA/INT |p DLS1595 |r 2019-11-05 |w 2019-11-05 |y BK | ||